| 000 | 00375nam a22001577a 4500 | ||
|---|---|---|---|
| 003 | OSt | ||
| 005 | 20260615071836.0 | ||
| 008 | 260615b |||||||| |||| 00| 0 eng d | ||
| 040 | _cDLC | ||
| 050 |
_a248 _bEV92H |
||
| 082 |
_a248 _bEV92H |
||
| 245 |
_aWholehearted Faith _cby Rachel Held Evans |
||
| 260 |
_aNew York: _bHarperOne, _c2022. |
||
| 300 | _a196p. | ||
| 942 |
_2ddc _cBK |
||
| 999 |
_c11630 _d11630 |
||